000 00609nam a22001937a 4500
005 20240315154636.0
010 _aENG-139725
020 _a9788180481840
_c425.00
035 _aEN-123257
037 _bDBAD/PUB
082 _a370.152
100 _aJoshi Nimai
_963446
245 _aThe Forged Genius/
_cNimai Joshi
260 _aChandigarh
_bArun publishing House pvt. ltd.
_c2011
270 _bChandigarh
_aSCO 49-51, SECTOR 17 C
_e160017
_k(0172)-2702189
_marunpublishing@gmail.com
300 _a191p.
_c23cm(hbk)
_b
700 _aNimai Joshi
_963447
942 _2ddc
_cEN
_mNim
_h370.152
_e1
999 _c201539
_d201539